Agency theory and its application in the business of the financial sector in Slovakia

Teória agentúry, predpoklady fungovania v praxi. Teória agentúry v podnikateľskej praxi finančného sektora. Vplyvy finančnej a hospodárskej krízy na aplikáciu teórie agentúry v podnikateľskej praxi finančného sektora. Regulácia ako základ. Situácia v Slovenskej republike.

Guardado en:
Detalles Bibliográficos
Autor principal: Jamborová, Erika Mária
Formato: Capítulo de libro
Lenguaje:inglés
Materias:
Etiquetas: Agregar Etiqueta
Sin Etiquetas, Sea el primero en etiquetar este registro!

MARC

LEADER 00000naa$a2200000$$$4500
001 0160065
005 20240502083353.5
041 0 |a eng 
044 |a CZ 
245 1 0 |a Agency theory and its application in the business of the financial sector in Slovakia  |c Erika Mária Jamborová 
520 |a Teória agentúry, predpoklady fungovania v praxi. Teória agentúry v podnikateľskej praxi finančného sektora. Vplyvy finančnej a hospodárskej krízy na aplikáciu teórie agentúry v podnikateľskej praxi finančného sektora. Regulácia ako základ. Situácia v Slovenskej republike. 
610 2 0 |a agentúry 
610 2 0 |a teória a prax 
610 2 0 |a sústava finančná 
610 2 0 |a bankovníctvo 
610 2 0 |a kríza hospodárska 
610 2 0 |a kríza finančná 
610 2 0 |a regulácia 
100 1 |a Jamborová, Erika Mária